000
00306nam a22001337a 4500
008
170816b xxu||||| |||| 00| 0 eng d
020
_a
9780201613261
041
_a
eng
080
_2
6 ED
_a
51
100
_a
36
101
_a
MMAT
245
_a
MATHEMATICS WITH APPLICATIONS
_c
PORTER.A
942
_2
udc
_c
BK
999
_c
23699
_d
23699